Araba Logosu Tahmin Etme - Statistics

General Stats
  • This quiz has been taken 8 013 times
  • The average score is 16 of 20
Answer Stats
Picture Answer % Correct
Mercedes-Benz
99%
Audi
91%
Honda
90%
Opel
89%
Toyota
89%
Fiat
86%
Ferrari
85%
Hyundai
84%
Renault
84%
Citroen
82%
Skoda
81%
Ford
79%
Volkswagen
79%
Lamborghini
78%
Chevrolet
73%
Mazda
73%
Suzuki
70%
Seat
69%
Subaru
65%
Dodge
41%
No matching quizzes found
Score Distribution
Percent of People with Each Score
Percentile by Number Answered
Your Score History
You have not taken this quiz